000 01357cam a22003857a 4500
003 CHAP
005 20220329142859.0
008 041201d2004 mx r 00110 spa d
010 _a89138
011 _a90110
035 _a100666
040 _cCHAP
090 _aTesis
100 0 0 _aValencia Vega, Rafaél.
_9117448
245 1 0 _aEfecto de la administración de GnRH en la fertilidad de ovejas Suffolk y Rideau Arcott sincronizadas
_c/por Rafaél Valencia Vega
260 _aChapingo, Méx. :
_bEl autor,
_c2004.
300 _a34 h.
502 _aTesis (Ing. Agr. Esp. en Zootecnia) - - UACH. Departamento de Zootecnia
590 _aALEPH
_b10
_c20130110
_lUCH01
_h1501
590 _aBATCH-UPD
_b10
_c20130110
_lUCH01
_h0504
590 _aBATCH-UPD
_b10
_c20130110
_lUCH01
_h2259
590 _aBATCH-UPD
_b10
_c20130410
_lUCH01
_h0142
590 _aBATCH-UPD
_b10
_c20130914
_lUCH01
_h1513
590 _aCONVERSION
_b10
_c20130109
_lUCH01
_h1349
650 1 4 _aGanado lanar
_xFecundidad.
_945181
650 1 4 _aGanado lanar
_xInseminación.
_945188
650 1 4 _aGanado lanar
_xRazas.
_945218
650 1 4 _aGanado Suffolk.
_945424
650 1 4 _aGonadotropina.
_948622
901 _aBK
905 _aLilia
942 _cFOLL
949 _aTesis
_bBC
_cTES
_d1000666
_eTS1
_h42897
_i100666
_sb
949 _aTesis
_bBC
_cTES
_d33724000931119
_eTS2
_fc.2
_h42898
_i100666
_sb
999 _c89138
_d89138